Geopolitická pozícia Slovenska v EÚ
Slovensko sa postupne včlenilo do európskych geopolitických štruktúr. Jeho pozícia je daná členstvom v EÚ, NATO a Schengene. Jeho miesto a úloha je však určovaná tým, že nemá dostatok moci a sily na to, aby určovalo alebo väčšou mierou ovplyvňovalo vytváranie európskej rovnováhy, v medzinárodných mo...
Guardado en:
| Autor principal: | |
|---|---|
| Formato: | Capítulo de libro |
| Lenguaje: | eslovaco |
| Materias: | |
| Etiquetas: |
Sin Etiquetas, Sea el primero en etiquetar este registro!
|
MARC
| LEADER | 00000nla a2200000 4500 | ||
|---|---|---|---|
| 001 | 0200245 | ||
| 005 | 20240417075057.1 | ||
| 041 | 0 | |a slo | |
| 044 | |a SK | ||
| 245 | 1 | 0 | |a Geopolitická pozícia Slovenska v EÚ |c Radoslava Brhlíková |
| 520 | |a Slovensko sa postupne včlenilo do európskych geopolitických štruktúr. Jeho pozícia je daná členstvom v EÚ, NATO a Schengene. Jeho miesto a úloha je však určovaná tým, že nemá dostatok moci a sily na to, aby určovalo alebo väčšou mierou ovplyvňovalo vytváranie európskej rovnováhy, v medzinárodných mocenskopolitických vzťahoch sa hlasy demokraticky nerátajú, ale zatiaľ vážia. Váha hlasu je daná mocou a silou štátu a po rozdelení ČSFR vstúpilo do európskeho geopolitického priestoru ako geopolitické minimum štátnosti, má malú vojenskú moc, disponuje malým domácim hospodárskym produktom, má malú geopolitickú a geostrategickú hodnotou priestoru, na ktorom sa nachádza. Takmer priamy dopad by pre Slovensko malo, keby sa existujúce konfrontačné vzťahy posunuli k hre s nulovým číslom. Nebolo by však racionálne, keby bolo chápané ako priestor, krajiny „nikoho“ alebo „všetkých“, ako priestor stretávania sa a vyrovnávania mocenskopolitických tlakov, ako východná periféria západu, alebo ako západná periféria východu. | ||
| 610 | 2 | 0 | |a Slovensko |
| 610 | 2 | 0 | |a Európska únia |
| 610 | 2 | 0 | |a geopolitika |
| 610 | 2 | 0 | |a politika medzinárodná |
| 100 | 1 | |a Brhlíková, Radoslava | |